000 00501nam a22001937a 4500
003 MPLRDC
005 20220104143147.0
008 210129b ||||| |||| 00| 0 eng d
020 _a957-9184-21-6
082 _a857.62 MXML v.13
100 _aMARCIA MULLER
245 _a影中狼
_c何智仁译
250 _a初版
260 _a
_b小知堂文化事业有限公司
_c1995
300 _b
490 _a梅西米勒侦探系列. 13
650 _a推理小说
942 _cBK
_o857.62 MXML v.13
999 _c37218
_d37208